| 000 | 00411nam a22001217a 4500 | ||
|---|---|---|---|
| 082 | _a220 PRO | ||
| 100 |
_aNC Israr Zulfiqar NC Muhammad Hamza Zaid NC Samama Moud _973028 |
||
| 245 | _aPR-SOF-1904-Visual SLAM for Indoor Robot Navigation | ||
| 260 |
_aISLAMABAD _bNUST COLLEGE OF EME _c2020 |
||
| 650 | _aDE-COMP-38 | ||
| 700 |
_aProject Supervisor: Dr. Shahzor Ahmad Dr. Fahad Mumtaz Malik _973029 |
||
| 942 | _cCR | ||
| 999 |
_c578923 _d578923 |
||